000
00217 a2200097 4500
001
18886
100
_a
Chrystal G
245
_a
Algebra an-elementary test-book
260
_a
_b
Bell& Sons
_c
1956
090
_c
13975
_d
13975
942
_a
NUST-CAE
_c
M
_c
4419
999
_c
253959
_d
253959